Whispering death /

Saved in:
Bibliographic Details
Main Author: Macdonnell, J. E. (James Edmond), 1917-
Format: Book
Language:English
Published: Cammeray [N.S.W.] : Horwitz, 1983, c1965.
Series:J.E. Macdonnell collector's series ; 65
Castle books
LEADER 01090cam a2200289 a 4500
001 c000269833
003 CARM
005 20070830090334.0
008 830420t19831965at 000 1 eng d
019 1 |a 2517877  |5 LACONCORD2021 
020 |a 0725514272 (pbk.) :  |c $2.95 Aust 
035 |a (OCoLC)27564681  |5 LACONCORD2021 
040 |a ANB  |b eng  |c ANB  |d ANL  |d VCAV 
042 |a anuc 
082 0 4 |a 823.3  |2 22 
082 0 4 |a 823/.3 
100 1 |a Macdonnell, J. E.  |q (James Edmond),  |d 1917- 
245 1 0 |a Whispering death /  |c J.E. Macdonnell. 
260 |a Cammeray [N.S.W.] :  |b Horwitz,  |c 1983, c1965. 
300 |a 130 p. ;  |c 18 cm. 
440 0 |a J.E. Macdonnell collector's series ;  |v 65 
440 0 |a Castle books 
500 |a Novels in English. Australian writers, 1945-. Texts (ANB/PRECIS SIN 0370258) 
500 |a First published: Sydney : Horwitz, 1965. 
852 8 |b CARM  |h A1:AM16A0  |i A04763  |p 0379522  |f BK 
999 f f |i 511c1b3c-15c2-5be6-b6d7-05d324379c49  |s 28a8a9eb-63e6-515b-8511-62f72778a0d3 
952 f f |p Can circulate  |a CAVAL  |b CAVAL  |c CAVAL  |d CARM 1 Store  |e A04763  |f A1:AM16A0  |h Other scheme  |i book  |m 0379522